000 01332nam a2200301 a 4500
001 000003476
003 DO-SdBNP
005 20240229073953.0
008 090703s2009 dr ac 000 0 spa d
020 _z9789993427148
040 _aDO-SdBNP
_bspa
_cBNPHU
082 _a972.93054
_bT866t, 2009
100 1 _aTrujillo Ledesma, Flor de Oro,
_d1915-1978
_98361
245 1 0 _aTrujillo en la intimidad según su hija Flor /
_cFlor de Oro Trujillo ; editor Bernardo Vega ; traductor Paula Vega Guerra.
250 _a2a. ed.
260 _aSanto Domingo :
_bFundación Cultural Dominicana,
_c2009.
300 _a115 p. :
_bil., retrs, ;
_c23 cm.
500 _aEl texto es un relato de Flor a Laura Berquist editora ejecutiva de la revista norteamericana "Look" en junio 15-29 del 1965
500 _aIncluye referencias bibliográficas y notas al pie de las páginas
500 _aIncluye índice onomástico
600 1 4 _aTRUJILLO LEDESMA, FLOR DE ORO,
_d1915-1978
_xRELATOS PERSONALES
_98362
600 1 0 _aTrujillo Molina, Rafael Leónidas,
_d 1891-1961
_976764
651 1 4 _aRepública Dominicana
_xHistoria
_yEra de Trujillo, 1930-1961
_vRelatos personales
_98363
700 1 _aVega, Bernardo,
_d1938 -
_eed.
_93222
700 1 _aVega Guerra, Paula,
_etr.
_98364
910 _aValidado. Control de calidad MMOLINA
942 _2ddc
_cLBS1
999 _c3305
_d3305